=LDR 00000nam 2200000 4500 =001 000314 =005 20250710021251 =035 ##$$a 0010-0725000167 =007 ta =008 250710################a##########0#ind## =020 ##$$a 978-623-4118-793-2 =082 ##$$a 398.209 598 =084 ##$$a 398.209 598 CHA t =100 #$$a Chairani, Yuniar =245 1#$$a Teman Baik /$c Yuniar Khairani =250 ##$$a Cetakan Kedua =260 ##$$a Jakarta :$b Badan Pengembangan dan Pembinaan Bahasa,$c 2023 =300 ##$$a 28 hlm. : $b ilus. ; $c 29,7 cm =650 #4$$a CERITA ANAK-INDONESIA =650 #4$$a KESUSASTRAAN ANAK =990 ##$$a TBM00140014